000 01066nam a22003377a 4500
003 CHAP
005 20220329135312.0
008 971013s1962 r 00010 d
010 _a34066
011 _a35038
035 _a39154
040 _cCHAP
082 _a338.7
_bO35
110 _aOficina Internacional del Trabajo
_982806
245 _aAumento de la productividad en las industrias manufactureras
250 _a3 ed.
260 _aGinebra :
_bOIT,
_c1962
300 _a227 p.
490 _aEstudios y documentos, N. S.
_v; 38
590 _aBATCH-UPD
_b10
_c20130110
_lUCH01
_h1952
590 _aBATCH-UPD
_b10
_c20130410
_lUCH01
_h1313
590 _aBATCH-UPD
_b10
_c20130914
_lUCH01
_h1436
590 _aCONVERSION
_b10
_c20130109
_lUCH01
_h1319
650 1 4 _aIndustria
_xAdministración.
_957683
650 1 4 _aPersonal
_xAdministración de.
_987325
650 1 4 _aProductividad.
_991868
830 0 _aEstudios y documentos, N. S.
_v; 38
_938564
901 _aBK
942 _cLIBRO
949 _a338.7 O35
_bBC
_cLIBRO
_d33724000419511
_eLIBRO
_h6205
_i39154
_si
999 _c34066
_d34066